| 000 | 00588cam a22002051 4500 | ||
|---|---|---|---|
| 001 | sa 62000908 | ||
| 003 | DLC | ||
| 005 | 20260227111916.0 | ||
| 008 | 870107s1962 ii a 000 0 eng | ||
| 010 | _asa 62000908 | ||
| 035 | _a(OCoLC)15043324 | ||
| 040 |
_aDLC _cTxArU _dDLC |
||
| 042 | _apremarc | ||
| 050 | 0 | 0 |
_aHC435 _b.N356 |
| 110 | 2 | _aNational Council of Applied Economic Research. | |
| 245 | 1 | 0 |
_aCurrent problems of planned economy; _bfive years of research by NCAER. |
| 260 |
_aNew Dehli _c[1962] |
||
| 300 |
_a115 p. _billus. _c23 cm. |
||
| 651 | 0 |
_aIndia _xEconomic policy. |
|
| 999 |
_c53090 _d53090 |
||